Magnet magic / (Record no. 111032)
[ view plain ]
| 000 -LEADER | |
|---|---|
| fixed length control field | 00621nam a2200193 a 4500 |
| 001 - CONTROL NUMBER | |
| control field | 0650 |
| 005 - DATE AND TIME OF LATEST TRANSACTION | |
| control field | 20140414131908.0 |
| 008 - FIXED-LENGTH DATA ELEMENTS--GENERAL INFORMATION | |
| fixed length control field | 040131s19uu xx 00 eng d |
| 020 ## - INTERNATIONAL STANDARD BOOK NUMBER | |
| International Standard Book Number | 0-8136-5193-x |
| 050 ## - LIBRARY OF CONGRESS CALL NUMBER | |
| Classification number | ER |
| Item number | M27 1987 |
| 100 ## - MAIN ENTRY--PERSONAL NAME | |
| Personal name | Adams, Phyllis |
| 245 ## - TITLE STATEMENT | |
| Title | Magnet magic / |
| Statement of responsibility, etc | Phyllis, Adam. |
| 260 ## - PUBLICATION, DISTRIBUTION, ETC. (IMPRINT) | |
| Place of publication, distribution, etc | Cleveland, Ohio : |
| Name of publisher, distributor, etc | Modern Curriculum, |
| Date of publication, distribution, etc | 1987. |
| 300 ## - PHYSICAL DESCRIPTION | |
| Extent | 31 p. ; cm. |
| 520 ## - SUMMARY, ETC. | |
| Summary, etc | When two children go to the hardware store to buy some nails, the storekeeper shows them some things one can do with a magnet. |
| 650 ## - SUBJECT ADDED ENTRY--TOPICAL TERM | |
| Topical term or geographic name as entry element | Magnets |
| General subdivision | Fiction. |
| 650 ## - SUBJECT ADDED ENTRY--TOPICAL TERM | |
| Topical term or geographic name as entry element | Afro-American |
| General subdivision | Fiction. |
| Withdrawn status | Lost status | Damaged status | Home library | Current library | Shelving location | Date acquired | Source of acquisition | Total Checkouts | Full call number | Barcode | Date last seen | Price effective from | Koha item type |
|---|---|---|---|---|---|---|---|---|---|---|---|---|---|
| Munich Library | Munich Library | Easy Reading Section | 01/31/2004 | ER M27 1987 | M1586 | 04/14/2014 | 04/14/2014 | Books |